000
00224nam a2200121Ia 4500
100
_a
#N/A
650
_a
Mangement
942
_c
BK
654
_a
economics
245
_a
Customer Services
260
_b
ET
546
_a
ENGLISH
999
_c
21330
_d
21330